| 000 | 00967nas a2200301 4500 | ||
|---|---|---|---|
| 001 | BR7302867 | ||
| 003 | BR-BrBNA | ||
| 005 | 20231205082442.0 | ||
| 007 | ta | ||
| 008 | 230509b bl.|||p| |||| 00| 00por d | ||
| 040 |
_aBR-BrBNA _bpor _cBiblioteca Nacional de Agricultura |
||
| 041 | _a(Pt) | ||
| 072 | _aF00; E70 | ||
| 110 | 1 |
_aComissao Estadual de Sementes e Mudas do Estado do Rio Grande do Sul, Porto Alegre (Brasil) _92074 |
|
| 245 | 1 | _aSementes fiscalizadas [normas tecnicas, trigo, soja, arroz, milho, sorgo, planta forrageira, producao, Rio Grande do Sul] | |
| 650 | _aCOMERCIALIZACAO | ||
| 650 | _aARROZ | ||
| 650 | _aTRIGO | ||
| 650 | _aSOJA | ||
| 650 | _aSEMENTE | ||
| 650 | _aSORGO | ||
| 650 | _aMILHO | ||
| 650 | _aPLANTA FORRAGEIRA | ||
| 650 | _aRIO GRANDE DO SUL | ||
| 773 | 0 |
_tLavoura Arrozeira (Brazil) _xISSN 0023-9143 _g(Nov 1976), v. 29(296) p. 4-36 _wBR7302867 |
|
| 909 |
_a202311 _bLúcia _c55 _dLúcia Elande |
||
| 942 |
_2AGRIS _n0 _cANA |
||
| 999 |
_c91936 _d91936 |
||